| 000 | 01206nam a22003375a 4500 | ||
|---|---|---|---|
| 005 | 20201128020909.0 | ||
| 008 | 090302s2011 maua|||frb||| 001 0 eng d | ||
| 010 | _a 2005028569 | ||
| 020 | _a0273756001 | ||
| 020 | _a9780273756002 | ||
| 040 |
_aEG-ScBUE _beng _cEG-ScBUE |
||
| 082 | 0 | 4 |
_a338.88 _bDAN _222 |
| 100 | 1 |
_aDaniels, John D. _93034 |
|
| 245 | 1 | 0 |
_aInternational Business : _bEnvironments and Operations / _cJohn D. Daniels, Lee H. Radebaugh, Daniel P. Sullivan. |
| 250 | _a13th ed. , Global ed. | ||
| 260 |
_aBoston : _bPearson, _c2011. |
||
| 300 |
_a882 p. : _bill. col. ; _c29 cm. |
||
| 500 | _aIncludes indexes. | ||
| 500 | _aGlossary : p. 837-851. | ||
| 504 | _aIncludes bibliographical references. | ||
| 590 | _adoaa mohamed | ||
| 650 | 0 |
_aInternational business enterprises. _93035 _2BUEsh |
|
| 650 | 0 |
_aInternational economic relations. _93036 _2BUEsh |
|
| 650 | 0 |
_aInvestments, Foreign. _93037 _2BUEsh |
|
| 651 | _2BUEsh | ||
| 653 |
_bBUSECO _cAugust2015 |
||
| 700 | 1 |
_aRadebaugh, Lee H. _93038 |
|
| 700 | 1 |
_aSullivan, Daniel P. _93039 |
|
| 856 | 4 | 1 |
_3Table of contents only _uhttp://www.loc.gov/catdir/toc/ecip061/2005028569.html |
| 942 |
_cBB _k338.88 DAN _2ddc |
||
| 999 |
_c15626 _d15626 |
||